Most Popular Songs in USA 4/25/2026 - Statistics

General Stats
  • This quiz has been taken 16 times
  • The average score is 9 of 15
Answer Stats
Rank Artist (Version) Answer Streams Radio Airplay Sales % Correct
7. HUNTR/X Golden 10.5 Million 44.1 Million 2 Thousand
81%
5. Alex Warren Ordinary 51.1 Million 13.2 Million 2 Thousand
75%
8. PinkPantheress, Zara Larsson Stateside 13.1 Million 21.4 Million 0.5 Thousand
75%
15. Tame Impala, Jennie Dracula 12.3 Million 12.9 Million 2.5 Thousand
69%
2. Olivia Dean Man I Need 13.9 Million 66.4 Million 2 Thousand
69%
14. Raye Where Is My Husband! 8.6 Million 39.9 Million 2 Thousand
69%
1. Ella Langley Choosin' Texas 30.6 Million 42.5 Million 10 Thousand
63%
9. Kehlani Folded 6.5 Million 65.3 Million 0.6 Thousand
56%
3. Bruno Mars I Just Might 11.5 Million 81.5 Million 2.5 Thousand
56%
6. Olivia Dean So Easy (To Fall In Love) 11.1 Million 54.3 Million 1.5 Thousand
56%
11. Taylor Swift The Fate Of Ophelia 8.8 Million 43 Million 1 Thousand
56%
12. Bruno Mars Risk It All 11.4 Million 25.5 Million 1.5 Thousand
50%
10. BTS SWIM 10.4 Million 22 Million 17 Thousand
38%
4. Ella Langley Be Her 19.7 Million 20.6 Million 3.5 Thousand
31%
13. Justin Bieber Yukon 9.3 Million 34.7 Million 1 Thousand
31%
No matching quizzes found
Score Distribution
Percent of People with Each Score
Percentile by Number Answered
Your Score History
You have not taken this quiz